| 000 | 00427nam a2200169 a 4500 | ||
|---|---|---|---|
| 005 | 20140310183227.0 | ||
| 008 | 040305s19uu xx 00 eng d | ||
| 020 | _a0515133973 | ||
| 050 |
_aPS 3568 _b.R643 2002 |
||
| 100 | _aRoberts, Nora | ||
| 245 |
_aMidnight bayou / _cNora Roberts. |
||
| 260 |
_aNew York : _bJove Books, _c2002 |
||
| 300 |
_a353 p. : _c17cm. |
||
| 650 | _aFiction | ||
| 942 |
_cBK _2lcc |
||
| 999 |
_c20433 _d20433 |
||